[Event "Madrid-ch sf-B"]
[Site "Madrid"]
[Date "2013.03.16"]
[Round "5"]
[White "Camarero Izquierdo, Juan Carlos"]
[Black "Garcia Sanz, Eduardo"]
[Result "0-1"]
[WhiteElo "1934"]
[BlackElo "2003"]
[PlyCount "108"]
[EventDate "2013.03.07"]
[EventType "swiss"]
[EventRounds "9"]
[EventCountry "ESP"]
[SourceTitle "CBM 153 Extra"]
[Source "ChessBase"]
[SourceDate "2013.04.22"]
[SourceVersion "1"]
[SourceVersionDate "2013.04.22"]
[SourceQuality "1"]

1. d4 d5 2. Nc3 c5 3. Nf3 e6 4. Bf4 Bd6 5. Qd2 cxd4 6. Qxd4 Nf6 7. Bxd6 Qxd6 8. e4 Nc6 9. Bb5 0-0 10. Bxc6 Qxc6 11. e5 Ne4 12. 0-0 Nxc3 13. bxc3 b6 14. Rfe1 Ba6 15. Re3 Qc4 16. Qd1 Qg4 17. Qe1 f5 18. Nd4 f4 19. Rf3 Rac8 20. Qd2 Rc4 21. h3 Qg6 22. Rxf4 Rxf4 23. Qxf4 Rxc3 24. Qh4 h6 25. Qe7 Qf7 26. Qd6 Bc8 27. a4 Rc4 28. c3 Qd7 29. Qa3 Qc7 30. Qb2 Qxe5 31. a5 bxa5 32. Qd2 a4 33. Re1 Qf6 34. f4 a6 35. Re5 a3 36. Ne2 Ra4 37. Qa2 Rxf4 38. Re3 Rf1+ 39. Kh2 Qf8 40. c4 d4 41. Rxa3 Bb7 42. c5 Bd5 43. Qd2 Qf2 44. Rg3 Kh8 45. Qxd4 Qxd4 46. Nxd4 Rd1 47. Ne2 a5 48. Rc3 Bc6 49. Nf4 Rd2 50. Kg1 a4 51. g4 Rb2 52. Nxe6 Rb3 53. Rxb3 axb3 54. Nd4 b2 0-1

[Event "Alcudia Belleuve"]
[Site "Alcudia"]
[Date "2012.10.21"]
[Round "9.7"]
[White "Lielmezs, Girts"]
[Black "Garcia Sanz, Eduardo"]
[Result "1/2-1/2"]
[WhiteElo "1910"]
[BlackElo "1999"]
[PlyCount "100"]
[EventDate "2012.10.14"]
[EventType "swiss"]
[EventRounds "9"]
[EventCountry "ESP"]
[SourceTitle "EXT 2024"]
[Source "ChessBase"]
[SourceDate "2023.10.10"]
[SourceVersion "1"]
[SourceVersionDate "2023.10.10"]
[SourceQuality "1"]

1. c4 e6 2. Nc3 d5 3. cxd5 exd5 4. d4 Nf6 5. Bg5 Be7 6. Nf3 0-0 7. e3 c6 8. h3 Ne4 9. Bxe7 Qxe7 10. Qc2 Nd7 11. Bd3 Ndf6 12. 0-0 Re8 13. Na4 Bd7 14. Nc5 Nxc5 15. Qxc5 Qxc5 16. dxc5 a5 17. Nd2 Re5 18. a3 a4 19. Rfd1 Kf8 20. Rab1 Bc8 21. Nf3 Re8 22. Nd4 g6 23. Ne2 Nd7 24. Rbc1 Ra5 25. Bc2 Nxc5 26. Rd4 Bd7 27. Nc3 b5 28. Na2 Ne6 29. Rd2 Ng5 30. Nb4 Raa8 31. Bb1 Rac8 32. Rdc2 Bf5 33. Nxd5 Re5 34. Nb6 Bxc2 35. Nxc8 Bxb1 36. Rxb1 Re8 37. Nd6 Rd8 38. h4 Rxd6 39. hxg5 c5 40. Kf1 b4 41. axb4 cxb4 42. Ke2 Rd5 43. f4 Ra5 44. Kd3 a3 45. Kc4 axb2 46. Kxb4 Ra1 47. Rxb2 Re1 48. Rb3 Rg1 49. Kc4 Rxg2 50. Kd4 Rh2 1/2-1/2

[Event "Alcudia Belleuve"]
[Site "Alcudia"]
[Date "2012.10.14"]
[Round "1.1"]
[White "Pelegri Castello, Elias"]
[Black "Garcia Sanz, Eduardo"]
[Result "0-1"]
[WhiteElo "1837"]
[BlackElo "1999"]
[PlyCount "36"]
[EventDate "2012.10.14"]
[EventType "swiss"]
[EventRounds "9"]
[EventCountry "ESP"]
[SourceTitle "EXT 2024"]
[Source "ChessBase"]
[SourceDate "2023.10.10"]
[SourceVersion "1"]
[SourceVersionDate "2023.10.10"]
[SourceQuality "1"]

1. Nf3 d5 2. c4 e6 3. g3 Nf6 4. Bg2 Be7 5. 0-0 0-0 6. d4 c5 7. cxd5 exd5 8. Nc3 Nc6 9. h3 Re8 10. e3 h6 11. Ne5 cxd4 12. Nxc6 bxc6 13. exd4 Bd6 14. Be3 Bxg3 15. Bxh6 Ba6 16. Qf3 Bc7 17. Bxg7 Kxg7 18. Rfe1 Qd6 0-1

[Event "Madrid Chamartin op 1st"]
[Site "Madrid"]
[Date "2012.09.10"]
[Round "2"]
[White "Fernandez Lledo, Javier"]
[Black "Garcia Sanz, Eduardo"]
[Result "1-0"]
[WhiteElo "2202"]
[BlackElo "1988"]
[PlyCount "45"]
[EventDate "2012.09.09"]
[EventType "swiss"]
[EventRounds "9"]
[EventCountry "ESP"]
[SourceTitle "CBM 150 Extra"]
[Source "ChessBase"]
[SourceDate "2012.10.19"]
[SourceVersion "1"]
[SourceVersionDate "2012.10.19"]
[SourceQuality "1"]

1. Nf3 d5 2. e3 Nf6 3. c4 e6 4. b3 c5 5. Bb2 Nc6 6. cxd5 exd5 7. Bb5 Bd7 8. 0-0 a6 9. Be2 Bd6 10. d4 cxd4 11. Nxd4 0-0 12. Nd2 Re8 13. N2f3 Qa5 14. a3 Rad8 15. b4 Qb6 16. Nxc6 bxc6 17. Bd4 Qb7 18. Bxf6 gxf6 19. Nd4 a5 20. Bd3 Re5 21. Qf3 Bf8 22. Qxf6 Bg7 23. Qxd8+ 1-0

[Event "Madrid Chamartin op 1st"]
[Site "Madrid"]
[Date "2012.09.09"]
[Round "1"]
[White "Garcia Sanz, Eduardo"]
[Black "Picazo Sancho, Alvaro"]
[Result "1-0"]
[WhiteElo "1988"]
[BlackElo "1481"]
[PlyCount "53"]
[EventDate "2012.09.09"]
[EventType "swiss"]
[EventRounds "9"]
[EventCountry "ESP"]
[SourceTitle "CBM 150 Extra"]
[Source "ChessBase"]
[SourceDate "2012.10.19"]
[SourceVersion "1"]
[SourceVersionDate "2012.10.19"]
[SourceQuality "1"]

1. e4 c5 2. Nf3 Nc6 3. Nc3 e6 4. d4 cxd4 5. Nxd4 a6 6. Be2 Qc7 7. 0-0 Nf6 8. Be3 Be7 9. f4 d6 10. Kh1 Bd7 11. Qe1 h5 12. Rd1 Ng4 13. Bg1 g5 14. f5 0-0-0 15. h3 d5 16. fxe6 fxe6 17. Nxc6 Bxc6 18. Rf7 d4 19. Bxg4 hxg4 20. Bh2 e5 21. Nd5 Bxd5 22. exd5 Rxd5 23. Qe4 Rhd8 24. Qxg4+ R8d7 25. Rxe7 Kb8 26. Rxd7 Rxd7 27. Bxe5 1-0

[Event "Madrid-ch sf-B"]
[Site "Madrid"]
[Date "2012.03.30"]
[Round "4"]
[White "Garcia Sanz, Eduardo"]
[Black "Vazquez Gonzalez, Jesus"]
[Result "1-0"]
[WhiteElo "1994"]
[BlackElo "2065"]
[PlyCount "71"]
[EventDate "2012.03.22"]
[EventType "swiss"]
[EventRounds "9"]
[EventCountry "ESP"]
[SourceTitle "EXT 2013"]
[Source "ChessBase"]
[SourceDate "2012.11.22"]
[SourceVersion "1"]
[SourceVersionDate "2012.11.22"]
[SourceQuality "1"]

1. Nf3 g6 2. g3 Bg7 3. Bg2 c5 4. 0-0 Nc6 5. c4 d6 6. Nc3 e5 7. d3 Nge7 8. a3 0-0 9. Rb1 f5 10. e3 h6 11. Ne2 a5 12. b3 g5 13. Bb2 Ng6 14. Qc2 Qe8 15. Rbd1 f4 16. exf4 gxf4 17. h3 h5 18. Ng5 Bh6 19. Bd5+ Kg7 20. h4 Bxg5 21. hxg5 Qe7 22. gxf4 Nxf4 23. Nxf4 Rxf4 24. f3 Bh3 25. Rf2 Qxg5+ 26. Kh1 Rh4 27. Rh2 Qf6 28. Rg1+ Kh8 29. Qf2 Ne7 30. Bc1 Nxd5 31. Bg5 Qf5 32. Bxh4 Nf4 33. Qg3 Qf7 34. Rxh3 Nxh3 35. Qxh3 Rf8 36. Bf6+ 1-0

[Event "Madrid-ch sf-B"]
[Site "Madrid"]
[Date "2012.03.23"]
[Round "2"]
[White "Garcia Sanz, Eduardo"]
[Black "Rodriguez Sanchez, Roberto"]
[Result "1-0"]
[WhiteElo "1994"]
[BlackElo "2035"]
[PlyCount "67"]
[EventDate "2012.03.22"]
[EventType "swiss"]
[EventRounds "9"]
[EventCountry "ESP"]
[SourceTitle "EXT 2013"]
[Source "ChessBase"]
[SourceDate "2012.11.22"]
[SourceVersion "1"]
[SourceVersionDate "2012.11.22"]
[SourceQuality "1"]

1. d4 Nf6 2. c4 e6 3. Nc3 Bb4 4. Nf3 0-0 5. g3 c5 6. Bg2 cxd4 7. Nxd4 Nc6 8. 0-0 Qb6 9. Ndb5 a6 10. Be3 Qd8 11. Nd6 Ng4 12. Bf4 g5 13. Nxc8 Rxc8 14. Bd6 Bxd6 15. Qxd6 f6 16. Rad1 Rf7 17. b3 Qe7 18. Ne4 Kg7 19. Rd2 Nce5 20. Rfd1 Rc6 21. Qxe7 Rxe7 22. Nd6 Nf7 23. Nxf7 Kxf7 24. Bxc6 dxc6 25. Rd7 Ne5 26. Rxe7+ Kxe7 27. f4 gxf4 28. gxf4 Ng4 29. Rd3 f5 30. Rg3 Kf7 31. Rh3 Nf6 32. Kg2 Kg6 33. Rd3 Kf7 34. Rd8 1-0